| 000 | 00874nam a22001817a 4500 | ||
|---|---|---|---|
| 999 |
_c15093 _d15093 |
||
| 003 | OSt | ||
| 082 | _2631.3 DIP/DE | ||
| 088 | _aT 344 | ||
| 100 |
_aDIPAK S. KHATAWKAR _93524 |
||
| 245 | _aDevelopment of low cost electrostatic spray - charging system for liquid formulations | ||
| 260 |
_aTavanur 2016 _bDepartment of Farm Power, Machinery and Energy |
||
| 300 | _a80 | ||
| 500 | _aDevelopment of low cost electrostatic spray - charging system for liquid formulations | ||
| 520 | _ato develop a low cost electrostatic nozzle and charging system compatible to a DC power source, study the dynamic charge acquisition, spray chargeability and depositional characteristics of the charged spray on plant targets of the developed system. | ||
| 700 |
_aDr. Dhalin D (Guide) _93525 |
||
| 856 | _uhttps://drive.google.com/open?id=1izykS0Jo9s9IMnuC2dsCINGd0clh8KEt | ||
| 942 | _cTH | ||